000 00275nam a2200109Ia 4500
008 220217s9999 xx 000 0 und d
245 0 _aSpecification- Raw natural rubber.
260 _c1976
500 _aStandard number: BS 4396
650 _aRaw natural rubber
942 _cST
999 _c73089
_d73089